|
|
|
|
| LEADER |
00794nas a2200217 i 4500 |
| 001 |
misc74487 |
| 005 |
20231218133550.0 |
| 008 |
231215s2023 hu o 000 hun d |
| 022 |
|
|
|a 0025-0260
|
| 040 |
|
|
|a SZTE Miscellanea Repozitórium
|b hun
|
| 041 |
|
|
|a hun
|
| 041 |
|
|
|a eng
|
| 245 |
0 |
0 |
|a Magyar Pedagógia
|h [elektronikus dokumentum] :
|b 123. évf. (2023) 1. sz.
|
| 260 |
|
|
|a Szegedi Tudományegyetem Bölcsészet- és Társadalomtudományi Kar
|b Szeged
|c 2023
|
| 300 |
|
|
|a 47
|
| 490 |
0 |
|
|a Magyar pedagógia : a Magyar Tudományos Akadémia Pedagógiai Bizottságának folyóirata
|v 123 No. 1
|
| 695 |
|
|
|a Pedagógia - tanulmányok
|
| 700 |
0 |
1 |
|a Csapó Benő
|
| 700 |
0 |
1 |
|a Habók Anita
|
| 700 |
0 |
1 |
|a Tóth Edit
|
| 856 |
4 |
0 |
|u http://misc.bibl.u-szeged.hu/74487/1/mp_2023_001.pdf
|z Dokumentum-elérés
|